Geology of the Anthracite Ridge coal district, Alaska, (Record no. 27343)

MARC details
000 -LEADER
fixed length control field 00991cam a22002531 4500
001 - CONTROL NUMBER
control field gs 37000101
003 - CONTROL NUMBER IDENTIFIER
control field DLC
005 - DATE AND TIME OF LATEST TRANSACTION
control field 20260227111341.0
008 - FIXED-LENGTH DATA ELEMENTS--GENERAL INFORMATION
fixed length control field 840922s1936 dcuabf b f000 0 eng c
010 ## - LIBRARY OF CONGRESS CONTROL NUMBER
LC control number gs 37000101
035 ## - SYSTEM CONTROL NUMBER
System control number (OCoLC)11184634
040 ## - CATALOGING SOURCE
Original cataloging agency U.S. Geol. survey. Library
Transcribing agency CLS
Modifying agency CLS
-- DLC
050 00 - LIBRARY OF CONGRESS CALL NUMBER
Classification number QE75
Item number .B9 no. 861
100 1# - MAIN ENTRY--PERSONAL NAME
Personal name Waring, Gerald A.
Fuller form of name (Gerald Ashley),
Dates associated with a name 1883-
245 10 - TITLE STATEMENT
Title Geology of the Anthracite Ridge coal district, Alaska,
Statement of responsibility, etc. by Gerald A. Waring.
260 ## - PUBLICATION, DISTRIBUTION, ETC.
Place of publication, distribution, etc. Washington,
Name of publisher, distributor, etc. U.S. Govt. Print. Off.,
Date of publication, distribution, etc. 1936.
300 ## - PHYSICAL DESCRIPTION
Extent iv, 57 p. incl. illus., tables, diagrs.
Other physical details 14 pl. on 12 l. (incl. 3 fold. maps (in pocket) 5 fold. diagr. (in pocket)
Dimensions 28 cm.
490 0# - SERIES STATEMENT
Series statement U.S. Geological survey. Bulletin
Volume/sequential designation 861
500 ## - GENERAL NOTE
General note At head of title: United States Department of the interior.
504 ## - BIBLIOGRAPHY, ETC. NOTE
Bibliography, etc. note Bibliographical foot-notes.
650 #0 - SUBJECT ADDED ENTRY--TOPICAL TERM
Topical term or geographic name entry element Geology
Geographic subdivision Alaska.
650 #0 - SUBJECT ADDED ENTRY--TOPICAL TERM
Topical term or geographic name entry element Coal
Geographic subdivision Alaska.
740 0# - ADDED ENTRY--UNCONTROLLED RELATED/ANALYTICAL TITLE
Uncontrolled related/analytical title Anthracite Ridge coal District, Alaska Geology of the.

No items available.

Powered by Koha